IBM TotalStorage FAStT best practices (Record no. 210681)
[ view plain ]
| 000 -LEADER | |
|---|---|
| fixed length control field | 01505nam a2200385Ia 4500 |
| 082 04 - DEWEY DECIMAL CLASSIFICATION NUMBER | |
| Classification number | 004.6 |
| 245 00 - TITLE STATEMENT | |
| Title | IBM TotalStorage FAStT best practices |
| 250 ## - EDITION STATEMENT | |
| Edition statement | 1st ed. |
| 260 ## - PUBLICATION, DISTRIBUTION, ETC. (IMPRINT) | |
| Place of publication | [S.l.] : |
| Name of publisher | IBM, International Technical Support Organization, |
| Year of publication | c2004. |
| 300 ## - PHYSICAL DESCRIPTION | |
| Number of Pages | xxii, 298 p. : |
| Other physical details | ill. |
| 490 1# - SERIES STATEMENT | |
| Series statement | IBM redbooks |
| 500 ## - GENERAL NOTE | |
| General note | "September 2004." |
| General note | "SG24-6363-00." |
| 650 #0 - SUBJECT ADDED ENTRY--TOPICAL TERM | |
| Topical Term | Storage area networks (Computer networks) |
| Topical Term | Computer storage devices. |
| Topical Term | Fibre Channel (Standard) |
| 700 1# - ADDED ENTRY--PERSONAL NAME | |
| Personal name | Dufrasne, Bertrand. |
| 856 40 - ELECTRONIC LOCATION AND ACCESS | |
| Uniform Resource Identifier | http://site.ebrary.com/lib/rucke/Doc?id=10112505 |
No items available.
